| 000 | 01677cam a2200385 i 4500 | ||
|---|---|---|---|
| 999 |
_c128111 _d128111 |
||
| 001 | 18466378 | ||
| 003 | ARRUPE | ||
| 005 | 20180906104742.0 | ||
| 008 | 150127s2016 enk b 001 0 eng | ||
| 010 | _a 2015001703 | ||
| 020 | _a9780415556064 (hardback : alk. paper) | ||
| 020 | _a9780415556071 (pbk. : alk. paper) | ||
| 020 | _z9781315696393 (e-book) | ||
| 040 |
_aDLC _beng _cDLC _erda _dDLC |
||
| 042 | _apcc | ||
| 050 | 0 | 0 |
_aB3998 _b.F695 2016 |
| 082 | 0 | 0 |
_a320.01 _223 |
| 100 | 1 |
_aFrank, Daniel, _d1955- _942018 |
|
| 245 | 1 | 0 |
_aRoutledge philosophy guidebook to Spinoza on politics / _cDaniel Frank and Jason Waller. |
| 250 | _aFirst edition. | ||
| 260 |
_aLondon _bRoutledge _c2016 |
||
| 300 |
_axiii, 169 pages ; _c21 cm. |
||
| 490 | 0 | _aRoutledge philosophy guidebooks | |
| 504 | _aIncludes bibliographical references (pages 152-160) and index. | ||
| 600 | 1 | 0 |
_aSpinoza, Benedictus de, _d1632-1677. _912122 |
| 650 | 0 |
_aPhilosophy and religion _xHistory _y17th century. _942019 |
|
| 650 | 0 |
_aFree thought _xHistory _y17th century. _942020 |
|
| 650 | 0 |
_aPolitical science _vEarly works to 1800. _97011 |
|
| 906 |
_a7 _bcbc _corignew _d1 _eecip _f20 _gy-gencatlg |
||
| 942 |
_2lcc _cMONOGRAPH |
||